[Event "2. BUNDESLIGA MITTE 2014/2015"]
[Site "Sauwald"]
[Date "2014.11.16"]
[Round "5"]
[Board "6"]
[White "Forstner, Joerg"]
[Black "Jakits, Leopold"]
[Result "0-1"]
[WhiteElo "2110"]
[BlackElo "2134"]
[PlyCount "66"]
[EventDate "2014.10.03"]
[EventType "team"]
[EventRounds "11"]
[EventCountry "AUT"]
[WhiteTeam "SV Steyregg"]
[BlackTeam "SC Die Klagenfurter"]

1. d4 {[%emt 0:00:00]} Nf6 {[%emt 0:00:00]} 2. Nf3 e6 3. Bg5 b6 4. Nbd2 Bb7 5.
e3 h6 6. Bh4 d5 7. Bd3 Nbd7 8. O-O Bd6 9. Qe2 Qc8 10. c4 O-O 11. Rac1 Ne4 12.
Nb3 a5 13. Ne1 a4 14. Na1 dxc4 15. Bxc4 Ba6 16. f3 Nef6 17. Bxa6 Rxa6 18. Nd3
Nd5 19. Qd2 Ne7 20. e4 c5 21. e5 Nf5 22. exd6 Nxh4 23. dxc5 bxc5 24. Qf2 Qd8
25. g3 Nf5 26. Nxc5 Nxc5 27. Qxc5 Rxd6 28. b3 Rd5 29. Qc7 Qg5 30. f4 Qg4 31.
Qc3 Nd4 32. Rce1 Ne2+ 33. Rxe2 Qxe2 0-1

[Event "2. BUNDESLIGA MITTE 2014/2015"]
[Site "Fuerstenfeld"]
[Date "2014.11.16"]
[Round "5"]
[Board "1"]
[White "Csonka, Attila"]
[Black "Krebs, Johann"]
[Result "1-0"]
[WhiteElo "2331"]
[BlackElo "2265"]
[PlyCount "65"]
[EventDate "2014.10.03"]
[EventType "team"]
[EventRounds "11"]
[EventCountry "AUT"]
[WhiteTeam "Union Styria Graz"]
[BlackTeam "Strassenbahn Graz"]

1. e4 c5 2. Nf3 Nc6 3. d4 cxd4 4. Nxd4 e5 5. Nb5 d6 6. N1c3 a6 7. Na3 b5 8. Nd5
Nf6 9. Bg5 Be7 10. Bxf6 Bxf6 11. c4 b4 12. Nc2 O-O 13. g3 Bg5 14. h4 Bh6 15.
Bh3 Be6 16. Kf1 a5 17. Kg2 Rb8 18. b3 Qd7 19. Qd3 Ne7 20. Nxe7+ Qxe7 21. a3 Rb6
22. axb4 axb4 23. Ra4 Rfb8 24. Rha1 g6 25. Ra7 R8b7 26. Ra8+ Kg7 27. Bxe6 fxe6
28. Qd1 Qf6 29. Rc8 Rf7 30. Qe2 Rbb7 31. Raa8 Bc1 32. Ne3 h5 33. Rh8 1-0

[Event "2. BUNDESLIGA MITTE 2014/2015"]
[Site "Fuerstenfeld"]
[Date "2014.11.16"]
[Round "5"]
[Board "2"]
[White "Pesorda, Ivan"]
[Black "Ruck, Tamas"]
[Result "0-1"]
[WhiteElo "2236"]
[BlackElo "2351"]
[PlyCount "78"]
[EventDate "2014.10.03"]
[EventType "team"]
[EventRounds "11"]
[EventCountry "AUT"]
[WhiteTeam "Strassenbahn Graz"]
[BlackTeam "Union Styria Graz"]

1. d4 Nf6 2. Nf3 e6 3. Bg5 d5 4. e3 Nbd7 5. c4 Be7 6. Nc3 O-O 7. Rc1 c6 8. Bd3
dxc4 9. Bxc4 Nd5 10. Bxe7 Qxe7 11. O-O Nxc3 12. Rxc3 e5 13. Nxe5 Nxe5 14. dxe5
Qxe5 15. f4 Qe4 16. Qe2 g6 17. Bd3 Qe7 18. e4 f6 19. Re1 Bd7 20. Qf2 b6 21. h4
Kh8 22. Bb1 c5 23. Rce3 Rae8 24. Qg3 Bc6 25. e5 Rd8 26. h5 gxh5 27. exf6 Qxf6
28. Re7 Rd7 29. Qc3 Qxc3 30. bxc3 Rf7 31. Rxf7 Rxf7 32. g3 Kg7 33. Kh2 Rd7 34.
Kh3 Kf6 35. Kh4 Rd2 36. g4 Rh2+ 37. Kg3 Rg2+ 38. Kh4 Rxg4+ 39. Kxh5 Rxf4 0-1

[Event "2. BUNDESLIGA MITTE 2014/2015"]
[Site "Fuerstenfeld"]
[Date "2014.11.16"]
[Round "5"]
[Board "3"]
[White "Wittmann, Walter"]
[Black "Steiner, Stefan"]
[Result "1-0"]
[WhiteElo "2170"]
[BlackElo "2269"]
[PlyCount "84"]
[EventDate "2014.10.03"]
[EventType "team"]
[EventRounds "11"]
[EventCountry "AUT"]
[WhiteTeam "Union Styria Graz"]
[BlackTeam "Strassenbahn Graz"]

1. e4 c5 2. Nf3 e6 3. b3 d6 4. Bb2 Nf6 5. e5 dxe5 6. Nxe5 Nbd7 7. f4 Qc7 8. Bd3
Bd6 9. Qe2 Nd5 10. g3 Nb4 11. Na3 Nxe5 12. fxe5 Nxd3+ 13. cxd3 Qc6 14. Rf1 Be7
15. Rc1 Qa6 16. d4 Qxe2+ 17. Kxe2 b6 18. Nb5 Ba6 19. a4 Rc8 20. d3 Bxb5 21.
axb5 O-O 22. Ra1 cxd4 23. Rfc1 Rxc1 24. Rxc1 Rd8 25. Rc7 Bc5 26. Kf3 f5 27.
exf6 gxf6 28. Rxa7 Rd5 29. Rb7 Rf5+ 30. Ke2 Re5+ 31. Kf2 Re3 32. b4 Bxb4 33.
Bxd4 Rxd3 34. Bxb6 Rd5 35. Be3 Bc5 36. Bxc5 Rxc5 37. Ke3 Rc2 38. b6 Rc6 39. Kd4
h5 40. h3 Kf8 41. Rb8+ Kg7 42. b7 Rc7 1-0

[Event "2. BUNDESLIGA MITTE 2014/2015"]
[Site "Fuerstenfeld"]
[Date "2014.11.16"]
[Round "5"]
[Board "4"]
[White "Teuschler, Barbara"]
[Black "Manhardt, Thomas"]
[Result "0-1"]
[WhiteElo "2174"]
[BlackElo "2246"]
[PlyCount "76"]
[EventDate "2014.10.03"]
[EventType "team"]
[EventRounds "11"]
[EventCountry "AUT"]
[WhiteTeam "Strassenbahn Graz"]
[BlackTeam "Union Styria Graz"]

1. e4 c5 2. Nf3 Nc6 3. d4 cxd4 4. Nxd4 Nf6 5. Nc3 e5 6. Ndb5 d6 7. Bg5 a6 8.
Na3 Be6 9. Nc4 Rc8 10. Bxf6 gxf6 11. Bd3 Nb4 12. Ne3 Bh6 13. O-O Bxe3 14. fxe3
Nxd3 15. cxd3 Qb6 16. Qf3 Qxb2 17. Nd5 Bxd5 18. exd5 Rg8 19. Rab1 Qxa2 20. Rxb7
Rg6 21. Rfb1 Kf8 22. R7b2 Rc1+ 23. Rxc1 Qxb2 24. Rc8+ Kg7 25. h4 h5 26. Rc6 a5
27. Rxd6 a4 28. Ra6 a3 29. Qf2 Qb1+ 30. Kh2 Qxd3 31. Ra8 Rg4 32. Rd8 Qa6 33. d6
a2 34. d7 a1=Q 35. Re8 Q1a4 36. Rg8+ Kxg8 37. d8=Q+ Kg7 38. Kh3 Qe6 0-1

[Event "2. BUNDESLIGA MITTE 2014/2015"]
[Site "Fuerstenfeld"]
[Date "2014.11.16"]
[Round "5"]
[Board "5"]
[White "Stagl, Marco"]
[Black "Detter, Peter"]
[Result "1/2-1/2"]
[WhiteElo "2104"]
[BlackElo "2040"]
[PlyCount "83"]
[EventDate "2014.10.03"]
[EventType "team"]
[EventRounds "11"]
[EventCountry "AUT"]
[WhiteTeam "Union Styria Graz"]
[BlackTeam "Strassenbahn Graz"]

1. Nf3 Nf6 2. d4 e6 3. g3 d5 4. Bg2 Be7 5. O-O O-O 6. c4 dxc4 7. Qc2 a6 8. a4
Bd7 9. Qxc4 Bc6 10. Bg5 Nbd7 11. Nc3 h6 12. Bxf6 Nxf6 13. Rfe1 Bxf3 14. Bxf3 c6
15. e4 Qa5 16. Red1 Rac8 17. Rab1 Qb4 18. Qxb4 Bxb4 19. Na2 Be7 20. b4 Rfd8 21.
Kf1 Rc7 22. Ke2 Rcd7 23. Ke3 Ne8 24. Be2 Bf6 25. e5 Be7 26. f4 Nc7 27. Bf3 Nd5+
28. Bxd5 Rxd5 29. Nc3 R5d7 30. a5 f5 31. Na4 Kf7 32. Nb6 Rc7 33. Rdc1 g5 34.
Rc4 gxf4+ 35. Kxf4 Rg8 36. Kf3 Bf8 37. Re1 h5 38. Rg1 h4 39. Rg2 Ke8 40. gxh4
Rxg2 41. Kxg2 Rg7+ 42. Kf3 1/2-1/2

[Event "2. BUNDESLIGA MITTE 2014/2015"]
[Site "Fuerstenfeld"]
[Date "2014.11.16"]
[Round "5"]
[Board "6"]
[White "Kainz, Josef"]
[Black "Matosec, Thomas"]
[Result "1-0"]
[WhiteElo "1943"]
[BlackElo "2080"]
[PlyCount "57"]
[EventDate "2014.10.03"]
[EventType "team"]
[EventRounds "11"]
[EventCountry "AUT"]
[WhiteTeam "Strassenbahn Graz"]
[BlackTeam "Union Styria Graz"]

1. d4 d5 2. Nf3 c6 3. c4 e6 4. Nc3 dxc4 5. a4 Bb4 6. e3 b5 7. Ne5 Nf6 8. Bd2 a5
9. Qf3 Bxc3 10. bxc3 Qd5 11. Be2 Qxf3 12. Bxf3 Nd5 13. e4 Ne7 14. O-O f6 15.
Ng4 O-O 16. Ne3 Ra7 17. Rfb1 Bd7 18. d5 cxd5 19. axb5 dxe4 20. Bxe4 Rc8 21. b6
Ra6 22. Bb7 Rc5 23. Bxa6 Nxa6 24. b7 Nb8 25. Bc1 Nec6 26. Ba3 Rd5 27. Nxd5 exd5
28. Bd6 Bf5 29. Rb6 1-0

[Event "2. BUNDESLIGA MITTE 2014/2015"]
[Site "Fuerstenfeld"]
[Date "2014.11.16"]
[Round "5"]
[Board "1"]
[White "Schachinger, Mario"]
[Black "Degtiarev, Evgeny"]
[Result "1-0"]
[WhiteElo "2414"]
[BlackElo "2437"]
[PlyCount "85"]
[EventDate "2014.10.03"]
[EventType "team"]
[EventRounds "11"]
[EventCountry "AUT"]
[WhiteTeam "SC MPOE Maria Saal II"]
[BlackTeam "RbEJ Gleisdorf"]

1. d4 Nf6 2. c4 g6 3. Nc3 d5 4. cxd5 Nxd5 5. e4 Nxc3 6. bxc3 Bg7 7. Nf3 c5 8.
Be3 Qa5 9. Qd2 Nc6 10. Rb1 a6 11. Rc1 cxd4 12. cxd4 Qxd2+ 13. Kxd2 f5 14. e5
Be6 15. Bc4 Bxc4 16. Rxc4 O-O 17. Ke2 h6 18. h3 e6 19. g4 Rac8 20. gxf5 gxf5
21. Rhc1 Rf7 22. Ne1 f4 23. Bd2 Rd8 24. Nf3 Ne7 25. Kd3 Nd5 26. Rc8 Rxc8 27.
Rxc8+ Bf8 28. Ke4 Kg7 29. Ne1 f3 30. Nd3 Be7 31. Nf4 Nxf4 32. Bxf4 Bh4 33. Be3
Rd7 34. Kxf3 Rf7+ 35. Ke4 Bxf2 36. Re8 Bxe3 37. Kxe3 Rc7 38. Rxe6 Rc3+ 39. Ke4
Rxh3 40. Re7+ Kg6 41. Rxb7 Ra3 42. Rb2 h5 43. Rf2 1-0

[Event "2. BUNDESLIGA MITTE 2014/2015"]
[Site "Fuerstenfeld"]
[Date "2014.11.16"]
[Round "5"]
[Board "2"]
[White "Frosch, Ronald"]
[Black "Hartl, Daniel"]
[Result "0-1"]
[WhiteElo "2196"]
[BlackElo "2265"]
[PlyCount "88"]
[EventDate "2014.10.03"]
[EventType "team"]
[EventRounds "11"]
[EventCountry "AUT"]
[WhiteTeam "RbEJ Gleisdorf"]
[BlackTeam "SC MPOE Maria Saal II"]

1. d4 d5 2. Nf3 Nf6 3. Bf4 Bf5 4. e3 e6 5. Be2 Be7 6. O-O O-O 7. c3 c5 8. Nbd2
Nc6 9. h3 h6 10. Ne5 Nxe5 11. Bxe5 Qb6 12. Qb3 Nd7 13. g4 Bh7 14. Bg3 Rac8 15.
Rac1 a6 16. Qxb6 Nxb6 17. dxc5 Bxc5 18. Nb3 Be7 19. Rfd1 Nc4 20. Bxc4 Rxc4 21.
Rd4 Rfc8 22. Rxc4 dxc4 23. Nd4 Rd8 24. f4 Be4 25. Kf2 f6 26. Ke2 Kf7 27. Rd1
Rd5 28. Rd2 Bc5 29. Ke1 g6 30. Bf2 e5 31. fxe5 fxe5 32. Ne2 Rxd2 33. Kxd2 Bg2
34. Ng1 Ke6 35. Ke2 Kd5 36. e4+ Bxe4 37. Bxc5 Kxc5 38. h4 b5 39. a3 Bc2 40. Ke3
Bd1 41. g5 hxg5 42. hxg5 Bg4 43. Kf2 Kd5 44. Ke3 Kd6 0-1

[Event "2. BUNDESLIGA MITTE 2014/2015"]
[Site "Fuerstenfeld"]
[Date "2014.11.16"]
[Round "5"]
[Board "3"]
[White "Halvax, Georg"]
[Black "Wegerer, Fred"]
[Result "1/2-1/2"]
[WhiteElo "2360"]
[BlackElo "2157"]
[PlyCount "58"]
[EventDate "2014.10.03"]
[EventType "team"]
[EventRounds "11"]
[EventCountry "AUT"]
[WhiteTeam "SC MPOE Maria Saal II"]
[BlackTeam "RbEJ Gleisdorf"]

1. Nf3 g6 2. g3 Bg7 3. Bg2 c5 4. O-O Nc6 5. c3 e5 6. e4 Nge7 7. d3 d6 8. Be3
Bg4 9. Nbd2 Qd7 10. Re1 h6 11. a3 O-O 12. b4 b6 13. Qb3 Rac8 14. Rec1 Be6 15.
Qd1 f5 16. Nf1 f4 17. gxf4 exf4 18. Bd2 g5 19. d4 cxd4 20. cxd4 Nxd4 21. Bc3
Nxf3+ 22. Qxf3 Ng6 23. Bxg7 Qxg7 24. Qd1 Qe5 25. f3 Nh4 26. Qd3 g4 27. fxg4
Nxg2 28. Kxg2 Bxg4 29. Nd2 Rxc1 1/2-1/2

[Event "2. BUNDESLIGA MITTE 2014/2015"]
[Site "Fuerstenfeld"]
[Date "2014.11.16"]
[Round "5"]
[Board "4"]
[White "Watzka, Horst"]
[Black "Kreisl, Robert"]
[Result "0-1"]
[WhiteElo "2235"]
[BlackElo "2421"]
[PlyCount "23"]
[EventDate "2014.10.03"]
[EventType "team"]
[EventRounds "11"]
[EventCountry "AUT"]
[WhiteTeam "RbEJ Gleisdorf"]
[BlackTeam "SC MPOE Maria Saal II"]

1. e4 c6 2. Nc3 d5 3. Nf3 Nf6 4. e5 Ne4 5. Qe2 Nxc3 6. dxc3 Bg4 7. Bf4 e6 8. h3
Bh5 9. O-O-O b5 10. g4 Bg6 11. Nd2 Qa5 12. Kb1 0-1

[Event "2. BUNDESLIGA MITTE 2014/2015"]
[Site "Fuerstenfeld"]
[Date "2014.11.16"]
[Round "5"]
[Board "5"]
[White "Tomazini, Zan"]
[Black "Wanderer, Thomas"]
[Result "1-0"]
[WhiteElo "2392"]
[BlackElo "2164"]
[PlyCount "89"]
[EventDate "2014.10.03"]
[EventType "team"]
[EventRounds "11"]
[EventCountry "AUT"]
[WhiteTeam "SC MPOE Maria Saal II"]
[BlackTeam "RbEJ Gleisdorf"]

1. e4 c5 2. c3 Nf6 3. e5 Nd5 4. d4 cxd4 5. cxd4 d6 6. Bc4 e6 7. Nf3 Nb6 8. Bd3
Bd7 9. O-O Bc6 10. Nc3 N8d7 11. Bb5 Be7 12. Bf4 dxe5 13. Bxc6 bxc6 14. dxe5 Nd5
15. Bd2 O-O 16. Qe2 Nxc3 17. Bxc3 Nb6 18. Rfd1 Nd5 19. Qc4 Qb6 20. Bd4 Qb5 21.
Rdc1 Nf4 22. Rc2 Rfd8 23. g3 Nh3+ 24. Kg2 Ng5 25. Nxg5 Bxg5 26. f4 Be7 27. Rac1
Qb7 28. Kf2 Rd5 29. Be3 c5 30. b3 g5 31. Qe2 Rad8 32. Qf3 Qa6 33. Kg2 Rd3 34.
Rf2 gxf4 35. Qxf4 Qb7+ 36. Kh3 Bf8 37. Rc4 Bg7 38. Bxc5 R3d5 39. Bd6 Rd7 40.
Rfc2 f5 41. Rc8+ Kf7 42. R2c7 Qb5 43. Rxd7+ Qxd7 44. Rc7 Rxd6 45. exd6 1-0

[Event "2. BUNDESLIGA MITTE 2014/2015"]
[Site "Fuerstenfeld"]
[Date "2014.11.16"]
[Round "5"]
[Board "6"]
[White "Missethan, Michael"]
[Black "Tomazini, Aljosa"]
[Result "0-1"]
[WhiteElo "2099"]
[BlackElo "2321"]
[PlyCount "116"]
[EventDate "2014.10.03"]
[EventType "team"]
[EventRounds "11"]
[EventCountry "AUT"]
[WhiteTeam "RbEJ Gleisdorf"]
[BlackTeam "SC MPOE Maria Saal II"]

1. e4 e5 2. Nf3 Nc6 3. Nc3 Nf6 4. d4 exd4 5. Nxd4 Bb4 6. Nxc6 bxc6 7. Bd3 d6 8.
O-O Ng4 9. h3 Ne5 10. Bf4 Qf6 11. Bxe5 Qxe5 12. Qd2 O-O 13. a3 Bxc3 14. Qxc3
Qxc3 15. bxc3 Be6 16. Rab1 Rab8 17. c4 Rb6 18. Rb3 c5 19. Rfb1 Bd7 20. Kf1 Ba4
21. R3b2 Re8 22. f3 g5 23. Kf2 Kg7 24. c3 Reb8 25. Rxb6 axb6 26. Ke3 Ra8 27.
Kd2 h5 28. Be2 Kf6 29. Bd3 Ke5 30. Ke3 h4 31. Rb2 Bd7 32. Ra2 Be6 33. Ra1 Ra4
34. Bc2 Ra8 35. Bd3 Ra5 36. a4 Ra8 37. Be2 Bd7 38. Bd1 Ra5 39. Bc2 Be6 40. Bd3
Ra8 41. Be2 Re8 42. Bd3 f5 43. a5 fxe4 44. fxe4 bxa5 45. Rxa5 Rb8 46. Ra3 Rb2
47. Be2 Rc2 48. Kd3 Rb2 49. Ke3 Rb1 50. Bd3 Rc1 51. Be2 Rg1 52. Kf2 Rb1 53. Ke3
Rb2 54. Kf3 g4+ 55. hxg4 Bxg4+ 56. Kxg4 Rxe2 57. Kxh4 Rxg2 58. Ra8 Kxe4 0-1

[Event "2. BUNDESLIGA MITTE 2014/2015"]
[Site "Fuerstenfeld"]
[Date "2014.11.16"]
[Round "5"]
[Board "1"]
[White "Schnider, Gert"]
[Black "Poetz, Florian"]
[Result "1/2-1/2"]
[WhiteElo "2338"]
[BlackElo "2390"]
[PlyCount "31"]
[EventDate "2014.10.03"]
[EventType "team"]
[EventRounds "11"]
[EventCountry "AUT"]
[WhiteTeam "Schachfreunde Graz"]
[BlackTeam "Spg.Sparkasse Fuerstenfeld/Hartberg"]

1. d4 Nf6 2. c4 e6 3. Nc3 Bb4 4. Qc2 O-O 5. a3 Bxc3+ 6. Qxc3 d6 7. Nf3 Nbd7 8.
g3 b6 9. Bg2 Bb7 10. O-O Qe7 11. Rd1 Be4 12. Bh3 Rfe8 13. Nd2 Bb7 14. Nf3 Be4
15. Nd2 Bb7 16. Nf3 1/2-1/2

[Event "2. BUNDESLIGA MITTE 2014/2015"]
[Site "Fuerstenfeld"]
[Date "2014.11.16"]
[Round "5"]
[Board "2"]
[White "Freitag, Manfred"]
[Black "Jusic, Zdenko"]
[Result "1/2-1/2"]
[WhiteElo "2379"]
[BlackElo "2283"]
[PlyCount "116"]
[EventDate "2014.10.03"]
[EventType "team"]
[EventRounds "11"]
[EventCountry "AUT"]
[WhiteTeam "Spg.Sparkasse Fuerstenfeld/Hartberg"]
[BlackTeam "Schachfreunde Graz"]

1. d4 Nf6 2. c4 d6 3. Nf3 Nbd7 4. Nc3 e5 5. e4 c6 6. Be2 Be7 7. O-O O-O 8. Re1
a5 9. Bf1 Re8 10. h3 h6 11. Be3 a4 12. Qc2 Qa5 13. Rab1 exd4 14. Nxd4 Bf8 15.
b4 axb3 16. axb3 Qb4 17. Qd2 Qa5 18. b4 Qh5 19. Nde2 g5 20. Ng3 Qg6 21. f4 gxf4
22. Bxf4 Ne5 23. Re3 h5 24. Be2 h4 25. Rf1 Be6 26. Nf5 Nxc4 27. Bxc4 Bxc4 28.
Nxh4 Qh5 29. Rff3 Ra1+ 30. Kh2 Ng4+ 31. hxg4 Qxh4+ 32. Rh3 Qf6 33. Ref3 Rf1 34.
e5 Rxe5 35. Rxf1 Bxf1 36. Bxe5 Qxe5+ 37. Kg1 Bc4 38. Rh5 Qf6 39. Ne4 Qa1+ 40.
Kh2 Be7 41. Nxd6 Bd5 42. Nf5 Bf6 43. Qf4 Qa8 44. Nh6+ Kg7 45. Nf5+ Kg8 46. g5
Bc3 47. Rh3 Ba1 48. g6 fxg6 49. Ne7+ Kg7 50. Nxg6 Qe8 51. Qh6+ Kf7 52. Rg3 Bg7
53. Qf4+ Kg8 54. Qg5 Kf7 55. Ne7 Qh8+ 56. Rh3 Be5+ 57. g3 Bxg3+ 58. Kxg3 Qc3+
 1/2-1/2

[Event "2. BUNDESLIGA MITTE 2014/2015"]
[Site "Fuerstenfeld"]
[Date "2014.11.16"]
[Round "5"]
[Board "3"]
[White "Kravanja, Georg"]
[Black "Kuba, Guenter"]
[Result "1/2-1/2"]
[WhiteElo "2221"]
[BlackElo "2374"]
[PlyCount "216"]
[EventDate "2014.10.03"]
[EventType "team"]
[EventRounds "11"]
[EventCountry "AUT"]
[WhiteTeam "Schachfreunde Graz"]
[BlackTeam "Spg.Sparkasse Fuerstenfeld/Hartberg"]

1. d4 f5 2. Bg5 d5 3. e3 c6 4. c4 Qb6 5. Qc2 e6 6. Nc3 Nd7 7. Nf3 Ngf6 8. Bd3
g6 9. O-O Bg7 10. cxd5 exd5 11. Na4 Qd8 12. b4 a6 13. Ne5 O-O 14. Nxd7 Bxd7 15.
Nc5 Bc8 16. a4 h6 17. Bh4 g5 18. Bg3 f4 19. exf4 Nh5 20. fxg5 Qxg5 21. Rad1 Kh8
22. Be2 Nf4 23. Rfe1 h5 24. h4 Qf6 25. Bf1 Bg4 26. f3 Bf5 27. Qd2 Ng6 28. Qg5
Qxg5 29. hxg5 a5 30. bxa5 Rxa5 31. Bc7 Raa8 32. a5 Rf7 33. Bb6 h4 34. Kh2 Raf8
35. Bd3 Bxd3 36. Nxd3 Rf5 37. Nc5 R8f7 38. Re8+ Kh7 39. Rb8 h3 40. Rxb7 hxg2
41. Rxf7 Rxf7 42. Kxg2 Nh4+ 43. Kg3 Nf5+ 44. Kh3 Nxd4 45. a6 Rxf3+ 46. Kg2 Ra3
47. Re1 Nb5 48. Re6 d4 49. Rxc6 d3 50. g6+ Kh6 51. Ne4 Nd4 52. Bxd4 Bxd4 53.
Rd6 Be5 54. Rd5 Rxa6 55. Rxe5 Rxg6+ 56. Kf3 Ra6 57. Ke3 Kg6 58. Kxd3 Ra1 59.
Ke3 Re1+ 60. Kf2 Ra1 61. Kf3 Rf1+ 62. Kg4 Rg1+ 63. Ng3 Rg2 64. Re6+ Kf7 65. Ra6
Rf2 66. Ne4 Rf1 67. Kg5 Ke7 68. Ng3 Rf2 69. Nf5+ Kd7 70. Kf6 Rf1 71. Ke5 Re1+
72. Kd5 Rd1+ 73. Nd4 Ke7 74. Rb6 Rd2 75. Ke5 Kf7 76. Nf3 Re2+ 77. Kf5 Ke7 78.
Rh6 Kd7 79. Nd4 Re1 80. Rg6 Kc7 81. Nc2 Re2 82. Nb4 Re1 83. Kf4 Kd7 84. Nd5 Re2
85. Nc3 Re1 86. Ne4 Kc7 87. Rh6 Kd7 88. Ke5 Kc7 89. Rg6 Kd7 90. Rd6+ Kc7 91.
Rd2 Rh1 92. Rc2+ Kb6 93. Nd6 Rh5+ 94. Nf5 Kb5 95. Ke4 Kb4 96. Rc8 Kb5 97. Ke5
Kb4 98. Rc1 Kb5 99. Rf1 Rh8 100. Kd5 Rd8+ 101. Nd6+ Kb4 102. Rc1 Rh8 103. Rc4+
Kb3 104. Rf4 Rh5+ 105. Nf5 Rh8 106. Rf3+ Kb4 107. Rd3 Rd8+ 108. Nd6 Rh8 1/2-1/2

[Event "2. BUNDESLIGA MITTE 2014/2015"]
[Site "Fuerstenfeld"]
[Date "2014.11.16"]
[Round "5"]
[Board "4"]
[White "Radnetter, Georg"]
[Black "Krockenberger, Martin"]
[Result "1-0"]
[WhiteElo "2256"]
[BlackElo "2167"]
[PlyCount "159"]
[EventDate "2014.10.03"]
[EventType "team"]
[EventRounds "11"]
[EventCountry "AUT"]
[WhiteTeam "Spg.Sparkasse Fuerstenfeld/Hartberg"]
[BlackTeam "Schachfreunde Graz"]

1. Nf3 e6 2. g3 f5 3. Bg2 Nf6 4. O-O d5 5. b3 Bd6 6. d4 Qe7 7. c4 c6 8. a4 a5
9. Bf4 Bxf4 10. gxf4 O-O 11. e3 Ne4 12. Ne5 Nd7 13. Ra2 Kh8 14. Kh1 Nxe5 15.
fxe5 Ng5 16. c5 Nf7 17. Qd2 b6 18. Rc1 Qb7 19. cxb6 Qxb6 20. Rb2 Bd7 21. f4
Rfb8 22. Na3 Qd8 23. Nc2 g5 24. fxg5 Nxg5 25. Ne1 Ne4 26. Bxe4 fxe4 27. Ng2 Qg5
28. Nf4 Rg8 29. Qf2 Qf5 30. Qf1 Rg4 31. Rg2 Rxg2 32. Qxg2 Rg8 33. Qh3 Qxh3 34.
Nxh3 Rb8 35. Rc3 Kg7 36. Nf4 Kf7 37. Nh5 Ke7 38. Nf6 h6 39. Kg2 Rb7 40. Ng8+
Kd8 41. Nxh6 Be8 42. Ng4 Rg7 43. Kg3 Kc7 44. Kf4 Bh5 45. h3 Kb6 46. Rc1 Bg6 47.
Nf6 Bf5 48. h4 Rg2 49. h5 Rf2+ 50. Kg5 Rg2+ 51. Kh6 Rg3 52. Rc3 Kb7 53. Ne8 Kc8
54. Nd6+ Kd7 55. Nb7 Rg8 56. Nxa5 Rh8+ 57. Kg5 Rg8+ 58. Kf6 Rh8 59. Nxc6 Rxh5
60. Nb8+ Kd8 61. a5 Rh6+ 62. Kg5 Rg6+ 63. Kh4 Rg1 64. a6 Ra1 65. Kg5 Bh3 66. a7
Ra2 67. b4 Bf1 68. Kf6 Bc4 69. Kxe6 Kc7 70. Nd7 Rxa7 71. Ke7 Kc6 72. e6 Ra8 73.
Ne5+ Kb5 74. Nxc4 dxc4 75. d5 Kxb4 76. Rc1 Ra7+ 77. Kf8 Kc5 78. e7 Rxe7 79.
Kxe7 Kxd5 80. Kf6 1-0

[Event "2. BUNDESLIGA MITTE 2014/2015"]
[Site "Fuerstenfeld"]
[Date "2014.11.16"]
[Round "5"]
[Board "5"]
[White "Kastner, Walter"]
[Black "Kiss, Attila"]
[Result "1/2-1/2"]
[WhiteElo "2230"]
[BlackElo "2383"]
[PlyCount "157"]
[EventDate "2014.10.03"]
[EventType "team"]
[EventRounds "11"]
[EventCountry "AUT"]
[WhiteTeam "Schachfreunde Graz"]
[BlackTeam "Spg.Sparkasse Fuerstenfeld/Hartberg"]

1. g3 e5 2. c4 Nf6 3. Bg2 Nc6 4. Nf3 d5 5. cxd5 Nxd5 6. O-O Be7 7. d4 e4 8. Ne5
Nf6 9. Nxc6 bxc6 10. Qc2 O-O 11. Nc3 Qxd4 12. Be3 Qe5 13. Bf4 Qh5 14. Nxe4 Nd5
15. Qxc6 Rb8 16. Bf3 Qf5 17. b3 Nxf4 18. gxf4 Bb7 19. Qc4 Qxf4 20. Rac1 Ba3 21.
Rc2 Rfe8 22. Ng3 Qxc4 23. Rxc4 Bxf3 24. exf3 Bd6 25. Ne4 Be5 26. Nc5 Rbd8 27.
Rfc1 Re7 28. f4 Bd4 29. Kg2 Bb2 30. R1c2 Bf6 31. Ne4 Ba1 32. Ng3 Rc8 33. Rc6
Kf8 34. R2c4 Rd7 35. Ne4 Rd4 36. Nd6 Rxc4 37. Rxc4 Rd8 38. Nb5 a6 39. Nxc7 Rd2
40. Nxa6 Rxa2 41. Nb4 Rd2 42. Nc2 Bf6 43. Ne3 g6 44. f5 Ke8 45. Rc2 Rd3 46. b4
Bd4 47. fxg6 hxg6 48. Nc4 Rb3 49. b5 Bc5 50. Rb2 Rxb2 51. Nxb2 Kd7 52. Nc4 Ke6
53. f4 f6 54. Kf3 Bg1 55. h3 Kd5 56. f5 g5 57. Ne3+ Kc5 58. Ng4 Kd5 59. Nxf6+
Ke5 60. Ne4 Kxf5 61. Ng3+ Ke5 62. Kg4 Kd5 63. Kxg5 Be3+ 64. Kf5 Kc5 65. h4 Kxb5
66. h5 Kc6 67. Ke6 Kc7 68. Ne4 Kd8 69. Nd6 Bf4 70. Nf7+ Ke8 71. Kf6 Kf8 72. Kg6
Kg8 73. Nd8 Bd2 74. Ne6 Be3 75. Ng7 Bd2 76. Nf5 Bc1 77. Ne7+ Kh8 78. h6 Bxh6
79. Kxh6 1/2-1/2

[Event "2. BUNDESLIGA MITTE 2014/2015"]
[Site "Fuerstenfeld"]
[Date "2014.11.16"]
[Round "5"]
[Board "6"]
[White "Hatzl, Johannes"]
[Black "Birk, Steffen"]
[Result "1/2-1/2"]
[WhiteElo "2101"]
[BlackElo "2220"]
[PlyCount "72"]
[EventDate "2014.10.03"]
[EventType "team"]
[EventRounds "11"]
[EventCountry "AUT"]
[WhiteTeam "Spg.Sparkasse Fuerstenfeld/Hartberg"]
[BlackTeam "Schachfreunde Graz"]

1. e4 Nf6 2. e5 Nd5 3. d4 d6 4. c4 Nb6 5. exd6 exd6 6. h3 Nc6 7. Nf3 Bf5 8. Bd3
Bxd3 9. Qxd3 Be7 10. O-O O-O 11. Re1 d5 12. c5 Nc8 13. a3 Bf6 14. Nc3 N8e7 15.
b4 a6 16. Ne2 g6 17. Ng3 Bg7 18. Ra2 Qd7 19. Bf4 h6 20. Rae2 g5 21. Bd2 f5 22.
a4 f4 23. Nh5 Qf5 24. Qb3 Ng6 25. Nxg7 Kxg7 26. b5 axb5 27. axb5 Nd8 28. Ne5 c6
29. bxc6 bxc6 30. Qb6 Nxe5 31. Rxe5 Qc8 32. Re7+ Rf7 33. Kh2 Rb8 34. Qa5 Ra8
35. Qb6 Rb8 36. Qa5 Ra8 1/2-1/2

[Event "2. BUNDESLIGA MITTE 2014/2015"]
[Site "St. Veit"]
[Date "2015.02.27"]
[Round "6"]
[Board "1"]
[White "Nemeth, Miklos"]
[Black "Krebs, Johann"]
[Result "1/2-1/2"]
[WhiteElo "2472"]
[BlackElo "2265"]
[PlyCount "86"]
[EventDate "2014.10.03"]
[EventType "team"]
[EventRounds "11"]
[EventCountry "AUT"]
[WhiteTeam "SV Steyregg"]
[BlackTeam "Strassenbahn Graz"]

1. e4 c5 2. Nf3 Nc6 3. d4 cxd4 4. Nxd4 e5 5. Nb5 d6 6. g3 Be7 7. Bg2 Be6 8.
N1c3 a6 9. Na3 Nf6 10. Nd5 b5 11. c3 O-O 12. Nc2 Rb8 13. a4 Qd7 14. O-O Rfc8
15. axb5 axb5 16. Qd3 Bd8 17. Bd2 Qb7 18. Bg5 Nd7 19. Bxd8 Rxd8 20. Rad1 Nc5
21. Qe2 Na4 22. Nce3 b4 23. Rd2 bxc3 24. bxc3 Ne7 25. Qc4 Nxd5 26. exd5 Bd7 27.
Qd3 Qb3 28. c4 Qxd3 29. Rxd3 Nc5 30. Ra3 f5 31. Ra7 Rb2 32. Ra3 Rdb8 33. Bf3
R8b3 34. Rxb3 Nxb3 35. Kg2 g6 36. Re1 h5 37. Re2 Rb1 38. Ra2 e4 39. Bd1 Nc5 40.
h4 Kf7 41. Bc2 Rc1 42. Ra8 Kf6 43. f4 exf3+ 1/2-1/2

[Event "2. BUNDESLIGA MITTE 2014/2015"]
[Site "St. Veit"]
[Date "2015.02.27"]
[Round "6"]
[Board "2"]
[White "Steiner, Stefan"]
[Black "Velicka, Petr"]
[Result "0-1"]
[WhiteElo "2269"]
[BlackElo "2412"]
[PlyCount "106"]
[EventDate "2014.10.03"]
[EventType "team"]
[EventRounds "11"]
[EventCountry "AUT"]
[WhiteTeam "Strassenbahn Graz"]
[BlackTeam "SV Steyregg"]

1. Nf3 d5 2. c4 d4 3. e3 Nc6 4. exd4 Nxd4 5. Nxd4 Qxd4 6. Nc3 c6 7. d3 Nh6 8.
Be3 Qd8 9. d4 g6 10. Qd2 Nf5 11. Be2 Bg7 12. Rd1 O-O 13. O-O Bd7 14. Rfe1 Nxe3
15. Qxe3 Re8 16. Ne4 Qc7 17. Nc5 Rad8 18. Nxd7 Rxd7 19. b3 Red8 20. d5 cxd5 21.
Rxd5 Rxd5 22. cxd5 Rxd5 23. Rc1 Qe5 24. Bf3 Qxe3 25. Rc8+ Bf8 26. fxe3 Rd2 27.
a4 Rd3 28. b4 Rxe3 29. Bxb7 Rb3 30. Rc4 e6 31. b5 Rb4 32. Rxb4 Bxb4 33. Kf2 Kf8
34. Ke3 Ke7 35. Kd4 Kd6 36. Bc6 Ba5 37. h3 f5 38. Be8 Bb6+ 39. Kd3 Ke7 40. Bc6
h5 41. Ke2 h4 42. Kf3 e5 43. Ke2 e4 44. Bd5 Kf6 45. Bc6 Ke5 46. Be8 g5 47. Bd7
Kf4 48. Kf1 g4 49. hxg4 Kxg4 50. Be6 Kf4 51. Bd7 Ke5 52. Ke2 Bd8 53. Be8 h3 0-1